[Event "Villarobledo Online Qualifyer"]
[Site "playchess.com #155672"]
[Date "2009.05.23"]
[Round "2"]
[White "Miras"]
[Black "DHCA"]
[Result "0-1"]
[WhiteElo "1777"]
[BlackElo "1471"]
[PlyCount "164"]
[EventDate "2009.05.23"]
[EventType "swiss (blitz)"]

1. e4 {[%emt 0:00:01]} e6 {[%emt 0:00:01]} 2. d3 {[%emt 0:00:02]} d5 {[%emt 0:
00:01]} 3. Nd2 {[%emt 0:00:04]} dxe4 {[%emt 0:00:01]} 4. dxe4 {[%emt 0:00:01]}
Nc6 {[%emt 0:00:03]} 5. Ngf3 {[%emt 0:00:00]} e5 {[%emt 0:00:01]} 6. c3 {[%emt
0:00:02]} Bg4 {[%emt 0:00:01]} 7. Be2 {[%emt 0:00:05]} Nf6 {[%emt 0:00:01]} 8.
O-O {[%emt 0:00:01]} Bc5 {[%emt 0:00:03]} 9. h3 {[%emt 0:00:04]} Bh5 {[%emt 0:
00:02]} 10. Nc4 {[%emt 0:00:05]} Qxd1 {[%emt 0:00:02]} 11. Rxd1 {[%emt 0:00:02]
} O-O {[%emt 0:00:08]} 12. Kf1 {[%emt 0:00:14]} Nxe4 {[%emt 0:00:05]} 13. Ncxe5
{[%emt 0:00:06]} Nxe5 {[%emt 0:00:02]} 14. Nxe5 {[%emt 0:00:01]} Bxe2+ {[%emt
0:00:02]} 15. Kxe2 {[%emt 0:00:02]} Rfe8 {[%emt 0:00:01]} 16. Bf4 {[%emt 0:00:
59]} f6 {[%emt 0:00:06]} 17. Nd3 {[%emt 0:00:08]} Nxc3+ {[%emt 0:00:14]} 18.
Kf1 {[%emt 0:00:11]} Nxd1 {[%emt 0:00:06]} 19. Rxd1 {[%emt 0:00:11]} Bb6 {
[%emt 0:00:03]} 20. Rc1 {[%emt 0:00:05]} Rac8 {[%emt 0:00:05]} 21. g4 {[%emt 0:
00:22]} Red8 {[%emt 0:00:05]} 22. Ke2 {[%emt 0:00:03]} c6 {[%emt 0:00:07]} 23.
Rc2 {[%emt 0:00:19]} Re8+ {[%emt 0:00:02]} 24. Kf3 {[%emt 0:00:02]} Rcd8 {
[%emt 0:00:02]} 25. Nc5 {[%emt 0:00:14]} Bxc5 {[%emt 0:00:03]} 26. Rxc5 {[%emt
0:00:00]} Rd3+ {[%emt 0:00:02]} 27. Kg2 {[%emt 0:00:03]} Re2 {[%emt 0:00:05]}
28. Ra5 {[%emt 0:00:09]} a6 {[%emt 0:00:02]} 29. b3 {[%emt 0:00:01]} Rd5 {
[%emt 0:00:05]} 30. Ra4 {[%emt 0:00:03]} Rc5 {[%emt 0:00:11]} 31. Kf3 {[%emt 0:
00:01]} Rcc2 {[%emt 0:00:02]} 32. Be3 {[%emt 0:00:01]} Rxa2 {[%emt 0:00:02]}
33. Rb4 {[%emt 0:00:01]} b5 {[%emt 0:00:02]} 34. Rd4 {[%emt 0:00:01]} Rec2 {
[%emt 0:00:05]} 35. Rd7 {[%emt 0:00:01]} a5 {[%emt 0:00:04]} 36. Ra7 {[%emt 0:
00:03]} a4 {[%emt 0:00:02]} 37. bxa4 {[%emt 0:00:01]} Rxa4 {[%emt 0:00:02]} 38.
Rb7 {[%emt 0:00:01]} Ra3 {[%emt 0:00:05]} 39. Ke4 {[%emt 0:00:01]} Ra4+ {[%emt
0:00:02]} 40. Kd3 {[%emt 0:00:01]} Rcc4 {[%emt 0:00:02]} 41. Rc7 {[%emt 0:00:
02]} h6 {[%emt 0:00:03]} 42. Rb7 {[%emt 0:00:04]} Ra3+ {[%emt 0:00:09]} 43. Kd2
{[%emt 0:00:03]} Rb3 {[%emt 0:00:02]} 44. Rb6 {[%emt 0:00:04]} c5 {[%emt 0:00:
03]} 45. Rb8+ {[%emt 0:00:05]} Kh7 {[%emt 0:00:03]} 46. Rc8 {[%emt 0:00:03]} b4
{[%emt 0:00:02]} 47. Rxc5 {[%emt 0:00:04]} Rxc5 {[%emt 0:00:02]} 48. Bxc5 {
[%emt 0:00:00]} Rxh3 {[%emt 0:00:03]} 49. Bxb4 {[%emt 0:00:01]} Rh4 {[%emt 0:
00:02]} 50. f3 {[%emt 0:00:01]} Kg6 {[%emt 0:00:03]} 51. Bd6 {[%emt 0:00:09]}
Rh3 {[%emt 0:00:03]} 52. Ke3 {[%emt 0:00:01]} Kg5 {[%emt 0:00:01]} 53. Bf8 {
[%emt 0:00:04]} g6 {[%emt 0:00:02]} 54. Be7 {[%emt 0:00:01]} h5 {[%emt 0:00:07]
} 55. gxh5 {[%emt 0:00:02]} gxh5 {[%emt 0:00:03]} 56. Kf2 {[%emt 0:00:02]} Kf5
{[%emt 0:00:02]} 57. Kg2 {[%emt 0:00:01]} Rh4 {[%emt 0:00:01]} 58. Kg3 {[%emt
0:00:01]} Ra4 {[%emt 0:00:02]} 59. Bd6 {[%emt 0:00:02]} h4+ {[%emt 0:00:02]}
60. Kh3 {[%emt 0:00:01]} Kg5 {[%emt 0:00:03]} 61. Be7 {[%emt 0:00:01]} Rf4 {
[%emt 0:00:02]} 62. Kg2 {[%emt 0:00:01]} Rf5 {[%emt 0:00:03]} 63. Bd8 {[%emt 0:
00:01]} Kg6 {[%emt 0:00:02]} 64. Kh3 {[%emt 0:00:02]} Rh5 {[%emt 0:00:01]} 65.
Be7 {[%emt 0:00:03]} Kf5 {[%emt 0:00:01]} 66. Bd8 {[%emt 0:00:01]} Rh6 {[%emt
0:00:02]} 67. Be7 {[%emt 0:00:03]} Kf4 {[%emt 0:00:01]} 68. Bf8 {[%emt 0:00:06]
} Rh7 {[%emt 0:00:06]} 69. Be7 {[%emt 0:00:02]} f5 {[%emt 0:00:04]} 70. Bxh4 {
[%emt 0:00:02]} Kxf3 {[%emt 0:00:03]} 71. Kh2 {[%emt 0:00:02]} Rxh4+ {[%emt 0:
00:03]} 72. Kg1 {[%emt 0:00:00]} Ra4 {[%emt 0:00:04]} 73. Kh2 {[%emt 0:00:01]}
Kg4 {[%emt 0:00:03]} 74. Kg2 {[%emt 0:00:01]} f4 {[%emt 0:00:01]} 75. Kf2 {
[%emt 0:00:02]} f3 {[%emt 0:00:01]} 76. Ke3 {[%emt 0:00:01]} Kg3 {[%emt 0:00:
02]} 77. Kd3 {[%emt 0:00:02]} f2 {[%emt 0:00:01]} 78. Ke2 {[%emt 0:00:00]} Kg2
{[%emt 0:00:02]} 79. Kd2 {[%emt 0:00:01]} f1=Q {[%emt 0:00:03]} 80. Ke3 {[%emt
0:00:00]} Qf3+ {[%emt 0:00:01]} 81. Kd2 {[%emt 0:00:02]} Ra2+ {[%emt 0:00:01]}
82. Ke1 {[%emt 0:00:01]} Qf1# {[%emt 0:00:00]} 0-1

[Event "Villarobledo Online Qualifyer"]
[Site "playchess.com #155672"]
[Date "2009.05.23"]
[Round "2"]
[White "Mtv star"]
[Black "Ferdi Sert"]
[Result "1-0"]
[WhiteElo "2324"]
[BlackElo "1883"]
[PlyCount "169"]
[EventDate "2009.05.23"]
[EventType "swiss (blitz)"]

1. d4 {[%emt 0:00:02]} Nf6 {[%emt 0:00:01]} 2. c4 {[%emt 0:00:08]} g6 {[%emt 0:
00:01]} 3. Nc3 {[%emt 0:00:01]} Bg7 {[%emt 0:00:01]} 4. e4 {[%emt 0:00:01]} d6
{[%emt 0:00:00]} 5. f3 {[%emt 0:00:01]} O-O {[%emt 0:00:01]} 6. Be3 {[%emt 0:
00:00]} e5 {[%emt 0:00:01]} 7. Nge2 {[%emt 0:00:01]} Nc6 {[%emt 0:00:01]} 8. d5
{[%emt 0:00:02]} Ne7 {[%emt 0:00:01]} 9. Qd2 {[%emt 0:00:01]} Nd7 {[%emt 0:00:
02]} 10. O-O-O {[%emt 0:00:02]} f5 {[%emt 0:00:01]} 11. Kb1 {[%emt 0:00:06]} a5
{[%emt 0:00:01]} 12. Rc1 {[%emt 0:00:03]} b6 {[%emt 0:00:03]} 13. h4 {[%emt 0:
00:03]} f4 {[%emt 0:00:02]} 14. Bf2 {[%emt 0:00:01]} Nc5 {[%emt 0:00:02]} 15.
Bxc5 {[%emt 0:00:10]} bxc5 {[%emt 0:00:01]} 16. Nb5 {[%emt 0:00:02]} Bd7 {
[%emt 0:00:01]} 17. a4 {[%emt 0:00:02]} Qb8 {[%emt 0:00:10]} 18. Rc2 {[%emt 0:
00:09]} Bf6 {[%emt 0:00:06]} 19. Nc1 {[%emt 0:00:11]} Nc8 {[%emt 0:00:04]} 20.
b3 {[%emt 0:00:07]} Na7 {[%emt 0:00:10]} 21. Nd3 {[%emt 0:00:09]} Nxb5 {[%emt
0:00:02]} 22. cxb5 {[%emt 0:00:01]} Qd8 {[%emt 0:00:06]} 23. Qf2 {[%emt 0:00:
05]} Qe7 {[%emt 0:00:05]} 24. Nb2 {[%emt 0:00:01]} Rfb8 {[%emt 0:00:10]} 25.
Nc4 {[%emt 0:00:02]} Bxb5 {[%emt 0:00:14]} 26. axb5 {[%emt 0:00:02]} Rxb5 {
[%emt 0:00:01]} 27. Rb2 {[%emt 0:00:02]} Rb4 {[%emt 0:00:01]} 28. Bd3 {[%emt 0:
00:12]} a4 {[%emt 0:00:27]} 29. bxa4 {[%emt 0:00:04]} Rbxa4 {[%emt 0:00:01]}
30. Kc2 {[%emt 0:00:03]} Ra1 {[%emt 0:00:06]} 31. Rxa1 {[%emt 0:00:25]} Rxa1 {
[%emt 0:00:02]} 32. h5 {[%emt 0:00:08]} Bh4 {[%emt 0:00:03]} 33. Qd2 {[%emt 0:
00:10]} Be1 {[%emt 0:00:03]} 34. Qe2 {[%emt 0:00:02]} Bb4 {[%emt 0:00:02]} 35.
hxg6 {[%emt 0:00:10]} Qh4 {[%emt 0:00:08]} 36. gxh7+ {[%emt 0:00:07]} Kxh7 {
[%emt 0:00:02]} 37. Rb1 {[%emt 0:00:15]} Ra2+ {[%emt 0:00:02]} 38. Nb2 {[%emt
0:00:01]} Qd8 {[%emt 0:00:26]} 39. Bc4 {[%emt 0:00:23]} Ra3 {[%emt 0:00:08]}
40. Bb3 {[%emt 0:00:06]} Qb8 {[%emt 0:00:22]} 41. Nc4 {[%emt 0:00:12]} Ra8 {
[%emt 0:00:09]} 42. Qf2 {[%emt 0:00:02]} Qd8 {[%emt 0:00:12]} 43. Rh1+ {[%emt
0:00:02]} Kg6 {[%emt 0:00:02]} 44. Qh4 {[%emt 0:00:00]} Qxh4 {[%emt 0:00:04]}
45. Rxh4 {[%emt 0:00:00]} Ra1 {[%emt 0:00:02]} 46. Rg4+ {[%emt 0:00:05]} Kf6 {
[%emt 0:00:01]} 47. g3 {[%emt 0:00:04]} fxg3 {[%emt 0:00:10]} 48. Rxg3 {[%emt
0:00:00]} Rf1 {[%emt 0:00:01]} 49. Ne3 {[%emt 0:00:03]} Rf2+ {[%emt 0:00:04]}
50. Kd3 {[%emt 0:00:01]} Rd2+ {[%emt 0:00:02]} 51. Kc4 {[%emt 0:00:01]} Rd4+ {
[%emt 0:00:05]} 52. Kb5 {[%emt 0:00:03]} Rd3 {[%emt 0:00:01]} 53. Ng4+ {[%emt
0:00:03]} Ke7 {[%emt 0:00:08]} 54. Bc4 {[%emt 0:00:02]} Rc3 {[%emt 0:00:06]}
55. Nh6 {[%emt 0:00:01]} Ra3 {[%emt 0:00:12]} 56. Nf5+ {[%emt 0:00:04]} Kf6 {
[%emt 0:00:02]} 57. Kc6 {[%emt 0:00:02]} Ra7 {[%emt 0:00:02]} 58. Rg7 {[%emt 0:
00:05]} Ba5 {[%emt 0:00:01]} 59. Rh7 {[%emt 0:00:05]} Bb6 {[%emt 0:00:01]} 60.
Rh3 {[%emt 0:00:10]} Ra3 {[%emt 0:00:02]} 61. Nxd6 {[%emt 0:00:03]} Ra4 {[%emt
0:00:04]} 62. Bb5 {[%emt 0:00:02]} Rb4 {[%emt 0:00:01]} 63. Ne8+ {[%emt 0:00:
02]} Ke7 {[%emt 0:00:02]} 64. Ng7 {[%emt 0:00:02]} Kf6 {[%emt 0:00:01]} 65. Nf5
{[%emt 0:00:01]} Kg5 {[%emt 0:00:01]} 66. d6 {[%emt 0:00:03]} cxd6 {[%emt 0:00:
07]} 67. Kxb6 {[%emt 0:00:01]} Kf4 {[%emt 0:00:01]} 68. Nxd6 {[%emt 0:00:04]}
c4 {[%emt 0:00:02]} 69. Nxc4 {[%emt 0:00:01]} Rb1 {[%emt 0:00:02]} 70. Kc5 {
[%emt 0:00:01]} Rd1 {[%emt 0:00:02]} 71. Bc6 {[%emt 0:00:01]} Rd4 {[%emt 0:00:
02]} 72. Bd5 {[%emt 0:00:01]} Rd1 {[%emt 0:00:02]} 73. Kd6 {[%emt 0:00:02]} Rd4
{[%emt 0:00:01]} 74. Nxe5 {[%emt 0:00:01]} Rxd5+ {[%emt 0:00:02]} 75. Kxd5 {
[%emt 0:00:03]} Kg5 {[%emt 0:00:01]} 76. Nd3 {[%emt 0:00:03]} Kg6 {[%emt 0:00:
02]} 77. f4 {[%emt 0:00:01]} Kf6 {[%emt 0:00:03]} 78. Rh6+ {[%emt 0:00:05]} Kg7
{[%emt 0:00:01]} 79. Ra6 {[%emt 0:00:02]} Kf7 {[%emt 0:00:03]} 80. f5 {[%emt 0:
00:01]} Ke7 {[%emt 0:00:01]} 81. e5 {[%emt 0:00:01]} Kd7 {[%emt 0:00:01]} 82.
Ra7+ {[%emt 0:00:01]} Kc8 {[%emt 0:00:01]} 83. Kc6 {[%emt 0:00:01]} Kd8 {[%emt
0:00:00]} 84. f6 {[%emt 0:00:02]} Ke8 {[%emt 0:00:01]} 85. e6 {[%emt 0:00:00]
Time} 1-0

[Event "Villarobledo Online Qualifyer"]
[Site "playchess.com #155672"]
[Date "2009.05.23"]
[Round "2"]
[White "Timeh123"]
[Black "Lacryma"]
[Result "0-1"]
[WhiteElo "1529"]
[BlackElo "1813"]
[PlyCount "214"]
[EventDate "2009.05.23"]
[EventType "swiss (blitz)"]

1. e4 {[%emt 0:00:01]} c6 {[%emt 0:00:01]} 2. d4 {[%emt 0:00:01]} d5 {[%emt 0:
00:01]} 3. exd5 {[%emt 0:00:02]} cxd5 {[%emt 0:00:01]} 4. Nc3 {[%emt 0:00:01]}
Nc6 {[%emt 0:00:04]} 5. Nf3 {[%emt 0:00:01]} Bg4 {[%emt 0:00:02]} 6. Be2 {
[%emt 0:00:03]} e6 {[%emt 0:00:01]} 7. Be3 {[%emt 0:00:04]} Nf6 {[%emt 0:00:01]
} 8. Ne5 {[%emt 0:00:01]} Bxe2 {[%emt 0:00:03]} 9. Qxe2 {[%emt 0:00:05]} Be7 {
[%emt 0:00:02]} 10. Qb5 {[%emt 0:00:06]} Qc7 {[%emt 0:00:08]} 11. O-O {[%emt 0:
00:16]} O-O {[%emt 0:00:02]} 12. Nxc6 {[%emt 0:00:12]} bxc6 {[%emt 0:00:05]}
13. Qd3 {[%emt 0:00:02]} c5 {[%emt 0:00:03]} 14. Nb5 {[%emt 0:00:13]} Qb6 {
[%emt 0:00:08]} 15. c4 {[%emt 0:00:18]} a6 {[%emt 0:00:07]} 16. dxc5 {[%emt 0:
00:11]} Bxc5 {[%emt 0:00:04]} 17. Bxc5 {[%emt 0:00:02]} Qxc5 {[%emt 0:00:01]}
18. Na3 {[%emt 0:00:05]} Rfd8 {[%emt 0:00:10]} 19. Rfd1 {[%emt 0:00:09]} d4 {
[%emt 0:00:08]} 20. Nc2 {[%emt 0:00:10]} e5 {[%emt 0:00:02]} 21. b4 {[%emt 0:
00:04]} Qd6 {[%emt 0:00:09]} 22. Rd2 {[%emt 0:00:08]} Nd7 {[%emt 0:00:03]} 23.
Rad1 {[%emt 0:00:04]} f6 {[%emt 0:00:02]} 24. f4 {[%emt 0:00:05]} Rac8 {[%emt
0:00:13]} 25. c5 {[%emt 0:00:07]} Qd5 {[%emt 0:00:03]} 26. fxe5 {[%emt 0:00:10]
} fxe5 {[%emt 0:00:03]} 27. a3 {[%emt 0:00:04]} a5 {[%emt 0:00:09]} 28. Ne3 {
[%emt 0:00:03]} Qb7 {[%emt 0:00:09]} 29. Ng4 {[%emt 0:00:06]} axb4 {[%emt 0:00:
02]} 30. Qc4+ {[%emt 0:00:06]} Kh8 {[%emt 0:00:06]} 31. axb4 {[%emt 0:00:02]}
Nb6 {[%emt 0:00:18]} 32. Qb5 {[%emt 0:00:09]} Qe4 {[%emt 0:00:12]} 33. Nxe5 {
[%emt 0:00:19]} Qxe5 {[%emt 0:00:05]} 34. Qxb6 {[%emt 0:00:02]} Qe3+ {[%emt 0:
00:06]} 35. Kh1 {[%emt 0:00:06]} Rb8 {[%emt 0:00:06]} 36. Qc6 {[%emt 0:00:04]}
Rxb4 {[%emt 0:00:16]} 37. Qc7 {[%emt 0:00:09]} Qe8 {[%emt 0:00:20]} 38. Qa5 {
[%emt 0:00:07]} Rb5 {[%emt 0:00:04]} 39. Qa1 {[%emt 0:00:04]} Rxc5 {[%emt 0:00:
04]} 40. Rxd4 {[%emt 0:00:02]} Rxd4 {[%emt 0:00:01]} 41. Qxd4 {[%emt 0:00:01]}
Rc8 {[%emt 0:00:01]} 42. h3 {[%emt 0:00:05]} h6 {[%emt 0:00:01]} 43. Qd7 {
[%emt 0:00:01]} Qxd7 {[%emt 0:00:02]} 44. Rxd7 {[%emt 0:00:00]} Rc2 {[%emt 0:
00:03]} 45. Kh2 {[%emt 0:00:01]} Kh7 {[%emt 0:00:01]} 46. Kg3 {[%emt 0:00:01]}
Kg6 {[%emt 0:00:01]} 47. Rd6+ {[%emt 0:00:03]} Kh7 {[%emt 0:00:01]} 48. Rd7 {
[%emt 0:00:01]} Rc3+ {[%emt 0:00:03]} 49. Kh4 {[%emt 0:00:01]} Rc4+ {[%emt 0:
00:01]} 50. g4 {[%emt 0:00:02]} Rc3 {[%emt 0:00:02]} 51. g5 {[%emt 0:00:04]}
Rc4+ {[%emt 0:00:05]} 52. Kh5 {[%emt 0:00:04]} hxg5 {[%emt 0:00:04]} 53. Kxg5 {
[%emt 0:00:02]} Rc5+ {[%emt 0:00:02] Timeh123 doet een remise aanbod} 54. Kg4 {
[%emt 0:00:03]} Rc6 {[%emt 0:00:02]} 55. Rd5 {[%emt 0:00:02]} Kg6 {[%emt 0:00:
01]} 56. Rg5+ {[%emt 0:00:02]} Kh6 {[%emt 0:00:03]} 57. h4 {[%emt 0:00:01]} g6
{[%emt 0:00:02]} 58. Rd5 {[%emt 0:00:02]} Rc4+ {[%emt 0:00:01]} 59. Kg3 {[%emt
0:00:02]} Rb4 {[%emt 0:00:01]} 60. Kh3 {[%emt 0:00:01]} Rb3+ {[%emt 0:00:01]}
61. Kg4 {[%emt 0:00:00]} Rb4+ {[%emt 0:00:01]} 62. Kg3 {[%emt 0:00:00]} Rb3+ {
[%emt 0:00:02]} 63. Kg4 {[%emt 0:00:01]} Rb6 {[%emt 0:00:02]} 64. Rd4 {[%emt 0:
00:05]} Rc6 {[%emt 0:00:02]} 65. Rf4 {[%emt 0:00:01]} Rb6 {[%emt 0:00:01]} 66.
Re4 {[%emt 0:00:01]} Ra6 {[%emt 0:00:01]} 67. Rd4 {[%emt 0:00:02]} Rc6 {[%emt
0:00:01]} 68. Rf4 {[%emt 0:00:01]} Re6 {[%emt 0:00:01]} 69. Kg3 {[%emt 0:00:01]
} Re3+ {[%emt 0:00:02]} 70. Kg4 {[%emt 0:00:01]} Re1 {[%emt 0:00:01]} 71. Rf3 {
[%emt 0:00:02]} Rg1+ {[%emt 0:00:02]} 72. Rg3 {[%emt 0:00:01]} Rb1 {[%emt 0:00:
01]} 73. Rf3 {[%emt 0:00:01]} Rb4+ {[%emt 0:00:02]} 74. Rf4 {[%emt 0:00:01]}
Rb1 {[%emt 0:00:01]} 75. Rf3 {[%emt 0:00:02]} Ra1 {[%emt 0:00:02]} 76. Kg3 {
[%emt 0:00:03] Timeh123 doet een remise aanbod} Kh5 {[%emt 0:00:04]} 77. Kh3 {
[%emt 0:00:04]} Rh1+ {[%emt 0:00:02]} 78. Kg3 {[%emt 0:00:01]} Rxh4 {[%emt 0:
00:02]} 79. Rd3 {[%emt 0:00:03]} g5 {[%emt 0:00:02]} 80. Rd5 {[%emt 0:00:02]}
Rb4 {[%emt 0:00:02]} 81. Kf3 {[%emt 0:00:01]} Rb3+ {[%emt 0:00:01]} 82. Kg2 {
[%emt 0:00:01]} Kh4 {[%emt 0:00:03]} 83. Rd8 {[%emt 0:00:04]} Rb4 {[%emt 0:00:
05]} 84. Rh8+ {[%emt 0:00:01]} Kg4 {[%emt 0:00:00]} 85. Rg8 {[%emt 0:00:03]}
Rb2+ {[%emt 0:00:01]} 86. Kg1 {[%emt 0:00:01]} Kf4 {[%emt 0:00:01]} 87. Rf8+ {
[%emt 0:00:01]} Kg3 {[%emt 0:00:01]} 88. Kf1 {[%emt 0:00:02]} g4 {[%emt 0:00:
02]} 89. Re8 {[%emt 0:00:02]} Rb1+ {[%emt 0:00:01]} 90. Ke2 {[%emt 0:00:02]}
Rb2+ {[%emt 0:00:04]} 91. Kf1 {[%emt 0:00:02]} Rb1+ {[%emt 0:00:01]} 92. Ke2 {
[%emt 0:00:01]} Kg2 {[%emt 0:00:01]} 93. Rg8 {[%emt 0:00:07]} g3 {[%emt 0:00:
04]} 94. Ke3 {[%emt 0:00:01]} Rb2 {[%emt 0:00:03]} 95. Kf4 {[%emt 0:00:01]}
Rb4+ {[%emt 0:00:01]} 96. Ke3 {[%emt 0:00:02]} Rb3+ {[%emt 0:00:01]} 97. Kf4 {
[%emt 0:00:01]} Rf3+ {[%emt 0:00:02]} 98. Ke4 {[%emt 0:00:04]} Kf2 {[%emt 0:00:
01]} 99. Rg5 {[%emt 0:00:05]} g2 {[%emt 0:00:02]} 100. Rg4 {[%emt 0:00:03]} Rg3
{[%emt 0:00:03]} 101. Rf4+ {[%emt 0:00:03]} Ke2 {[%emt 0:00:03]} 102. Rf5 {
[%emt 0:00:06]} g1=Q {[%emt 0:00:02]} 103. Rd5 {[%emt 0:00:00]} Qe3+ {[%emt 0:
00:02]} 104. Kf5 {[%emt 0:00:00]} Qd3+ {[%emt 0:00:01]} 105. Ke6 {[%emt 0:00:
00]} Re3+ {[%emt 0:00:02]} 106. Re5 {[%emt 0:00:00]} Rxe5+ {[%emt 0:00:01]}
107. Kxe5 {[%emt 0:00:00]} Qc4 {[%emt 0:00:00]} 0-1

[Event "Villarobledo Online Qualifyer"]
[Site "playchess.com #155672"]
[Date "2009.05.23"]
[Round "3"]
[White "MandM"]
[Black "Master--Sim"]
[Result "0-1"]
[WhiteElo "1519"]
[BlackElo "2035"]
[PlyCount "38"]
[EventDate "2009.05.23"]
[EventType "swiss (blitz)"]

1. e4 {[%emt 0:00:03]} e6 {[%emt 0:00:01]} 2. Nf3 {[%emt 0:00:02]} d5 {[%emt 0:
00:01]} 3. exd5 {[%emt 0:00:01]} exd5 {[%emt 0:00:00]} 4. c4 {[%emt 0:00:00]}
Nf6 {[%emt 0:00:02]} 5. cxd5 {[%emt 0:00:02]} Nxd5 {[%emt 0:00:02]} 6. Bc4 {
[%emt 0:00:02]} Be6 {[%emt 0:00:03]} 7. O-O {[%emt 0:00:04]} Be7 {[%emt 0:00:
03]} 8. Re1 {[%emt 0:00:07]} c6 {[%emt 0:00:03]} 9. b3 {[%emt 0:00:04]} O-O {
[%emt 0:00:02]} 10. Bb2 {[%emt 0:00:01]} Bf6 {[%emt 0:00:02]} 11. Bxf6 {[%emt
0:00:04]} Qxf6 {[%emt 0:00:00]} 12. Nc3 {[%emt 0:00:08]} Nxc3 {[%emt 0:00:04]}
13. dxc3 {[%emt 0:00:02]} Bxc4 {[%emt 0:00:01]} 14. bxc4 {[%emt 0:00:05]} Na6 {
[%emt 0:00:01]} 15. Qb3 {[%emt 0:00:03]} Nc5 {[%emt 0:00:03]} 16. Qb4 {[%emt 0:
00:04]} b6 {[%emt 0:00:01]} 17. Nd4 {[%emt 0:00:11]} Nd3 {[%emt 0:00:02]} 18.
Qb3 {[%emt 0:00:06]} Qxf2+ {[%emt 0:00:03]} 19. Kh1 {[%emt 0:00:02]} Nxe1 {
[%emt 0:00:01] MandM gibt auf} 0-1

[Event "Villarobledo Online Qualifyer"]
[Site "playchess.com #155672"]
[Date "2009.05.23"]
[Round "3"]
[White "Burim999"]
[Black "Juanma9413"]
[Result "0-1"]
[WhiteElo "1548"]
[BlackElo "1802"]
[PlyCount "44"]
[EventDate "2009.05.23"]
[EventType "swiss (blitz)"]

1. d4 {[%emt 0:00:04]} g6 {[%emt 0:00:02]} 2. c4 {[%emt 0:00:01]} Bg7 {[%emt 0:
00:01]} 3. Nc3 {[%emt 0:00:01]} c5 {[%emt 0:00:01]} 4. e3 {[%emt 0:00:01]} Nf6
{[%emt 0:00:02]} 5. Nf3 {[%emt 0:00:01]} O-O {[%emt 0:00:01]} 6. Be2 {[%emt 0:
00:02]} cxd4 {[%emt 0:00:01]} 7. exd4 {[%emt 0:00:01]} d5 {[%emt 0:00:00]} 8.
cxd5 {[%emt 0:00:02]} Nxd5 {[%emt 0:00:01]} 9. Nxd5 {[%emt 0:00:01]} Qxd5 {
[%emt 0:00:02]} 10. O-O {[%emt 0:00:01]} Nc6 {[%emt 0:00:01]} 11. b3 {[%emt 0:
00:07]} Nxd4 {[%emt 0:00:04]} 12. Nxd4 {[%emt 0:00:07]} Qxd4 {[%emt 0:00:03]}
13. Qxd4 {[%emt 0:00:07]} Bxd4 {[%emt 0:00:02]} 14. Rb1 {[%emt 0:00:01]} Bf5 {
[%emt 0:00:01]} 15. Bb2 {[%emt 0:00:05]} Bxb1 {[%emt 0:00:03]} 16. Bxd4 {[%emt
0:00:01]} Bf5 {[%emt 0:00:12]} 17. Rc1 {[%emt 0:00:02]} Rac8 {[%emt 0:00:07]}
18. Rxc8 {[%emt 0:00:02]} Rxc8 {[%emt 0:00:02]} 19. g3 {[%emt 0:00:01]} Bh3 {
[%emt 0:00:03]} 20. f4 {[%emt 0:00:03]} Rc1+ {[%emt 0:00:12]} 21. Kf2 {[%emt 0:
00:01]} Rc2 {[%emt 0:00:01]} 22. a4 {[%emt 0:00:02]} Bg4 {[%emt 0:00:02]
Burim999 gibt auf} 0-1

[Event "Villarobledo Online Qualifyer"]
[Site "playchess.com #155672"]
[Date "2009.05.23"]
[Round "3"]
[White "Golden eye"]
[Black "Drago_infiammato"]
[Result "0-1"]
[WhiteElo "2521"]
[BlackElo "2016"]
[PlyCount "40"]
[EventDate "2009.05.23"]
[EventType "swiss (blitz)"]

1. e4 {[%emt 0:00:01]} e5 {[%emt 0:00:03]} 2. Nf3 {[%emt 0:00:01]} Nc6 {[%emt
0:00:01]} 3. Bb5 {[%emt 0:00:00]} a6 {[%emt 0:00:03]} 4. Ba4 {[%emt 0:00:01]}
Nf6 {[%emt 0:00:01]} 5. O-O {[%emt 0:00:00]} Nxe4 {[%emt 0:00:01]} 6. Bxc6 {
[%emt 0:00:02]} dxc6 {[%emt 0:00:12]} 7. Re1 {[%emt 0:00:01]} Nf6 {[%emt 0:00:
01]} 8. Nxe5 {[%emt 0:00:01]} Be6 {[%emt 0:00:02]} 9. d3 {[%emt 0:00:10]} Bd6 {
[%emt 0:00:01]} 10. Bg5 {[%emt 0:00:03]} h6 {[%emt 0:00:09]} 11. Bh4 {[%emt 0:
00:02]} Bxe5 {[%emt 0:00:01]} 12. Rxe5 {[%emt 0:00:03]} Qd4 {[%emt 0:00:01]}
13. Bxf6 {[%emt 0:00:04]} gxf6 {[%emt 0:00:01]} 14. Re3 {[%emt 0:00:05]} Qxb2 {
[%emt 0:00:01]} 15. Nd2 {[%emt 0:00:01]} O-O-O {[%emt 0:00:05]} 16. Nb3 {[%emt
0:00:09]} Bxb3 {[%emt 0:00:11]} 17. axb3 {[%emt 0:00:00]} Rhe8 {[%emt 0:00:03]}
18. Ra4 {[%emt 0:00:18]} Rxe3 {[%emt 0:00:11]} 19. fxe3 {[%emt 0:00:00]} Qe5 {
[%emt 0:00:01]} 20. Re4 {[%emt 0:00:03]} Qxe4 {[%emt 0:00:05] Golden eye
resigns} 0-1

[Event "Villarobledo Online Qualifyer"]
[Site "playchess.com #155672"]
[Date "2009.05.23"]
[Round "3"]
[White "Steflenicois"]
[Black "acepoint"]
[Result "1-0"]
[WhiteElo "2485"]
[BlackElo "1868"]
[PlyCount "51"]
[EventDate "2009.05.23"]
[EventType "swiss (blitz)"]

1. e4 {[%emt 0:00:02]} c5 {[%emt 0:00:01]} 2. Nf3 {[%emt 0:00:01]} d6 {[%emt 0:
00:01]} 3. d4 {[%emt 0:00:00]} cxd4 {[%emt 0:00:01]} 4. Nxd4 {[%emt 0:00:00]}
Nf6 {[%emt 0:00:01]} 5. Nc3 {[%emt 0:00:00]} a6 {[%emt 0:00:01]} 6. Be3 {[%emt
0:00:00]} e5 {[%emt 0:00:02]} 7. Nb3 {[%emt 0:00:01]} Be6 {[%emt 0:00:01]} 8.
f3 {[%emt 0:00:00]} Be7 {[%emt 0:00:02]} 9. Qd2 {[%emt 0:00:00]} O-O {[%emt 0:
00:03]} 10. O-O-O {[%emt 0:00:00]} Nbd7 {[%emt 0:00:05]} 11. Kb1 {[%emt 0:00:
01]} b5 {[%emt 0:00:02]} 12. g4 {[%emt 0:00:01]} b4 {[%emt 0:00:02]} 13. Nd5 {
[%emt 0:00:01]} Bxd5 {[%emt 0:00:05]} 14. exd5 {[%emt 0:00:00]} a5 {[%emt 0:00:
01]} 15. h4 {[%emt 0:00:01]} a4 {[%emt 0:00:03]} 16. Nc1 {[%emt 0:00:01]} Nb6 {
[%emt 0:00:15]} 17. Bxb6 {[%emt 0:00:05]} Qxb6 {[%emt 0:00:02]} 18. h5 {[%emt
0:00:00]} b3 {[%emt 0:00:10]} 19. cxb3 {[%emt 0:00:02]} axb3 {[%emt 0:00:02]}
20. Nxb3 {[%emt 0:00:00]} Rfc8 {[%emt 0:00:07]} 21. g5 {[%emt 0:00:01]} Nd7 {
[%emt 0:00:02]} 22. g6 {[%emt 0:00:03]} fxg6 {[%emt 0:00:03]} 23. hxg6 {[%emt
0:00:00]} h6 {[%emt 0:00:01]} 24. Bh3 {[%emt 0:00:01]} Bg5 {[%emt 0:00:24]} 25.
Be6+ {[%emt 0:00:02]} Kh8 {[%emt 0:00:04]} 26. Qxg5 {[%emt 0:00:02] acepoint
gibt auf} 1-0

[Event "Villarobledo Online Qualifyer"]
[Site "playchess.com #155672"]
[Date "2009.05.23"]
[Round "3"]
[White "Tojobo"]
[Black "Pia"]
[Result "1-0"]
[WhiteElo "1665"]
[BlackElo "2202"]
[PlyCount "35"]
[EventDate "2009.05.23"]
[EventType "swiss (blitz)"]

1. d4 {[%emt 0:00:02]} g6 {[%emt 0:00:03]} 2. c4 {[%emt 0:00:02]} Bg7 {[%emt 0:
00:01]} 3. Nc3 {[%emt 0:00:01]} c5 {[%emt 0:00:01]} 4. d5 {[%emt 0:00:02]}
Bxc3+ {[%emt 0:00:00]} 5. bxc3 {[%emt 0:00:01]} f5 {[%emt 0:00:00]} 6. e4 {
[%emt 0:00:05]} fxe4 {[%emt 0:00:02]} 7. Qc2 {[%emt 0:00:04]} Qa5 {[%emt 0:00:
04]} 8. Be2 {[%emt 0:00:10]} d6 {[%emt 0:00:03]} 9. f3 {[%emt 0:00:03]} Bf5 {
[%emt 0:00:04]} 10. Qd2 {[%emt 0:00:15]} exf3 {[%emt 0:00:06]} 11. Nxf3 {[%emt
0:00:02]} Nf6 {[%emt 0:00:02]} 12. O-O {[%emt 0:00:11]} Ne4 {[%emt 0:00:03]}
13. Qb2 {[%emt 0:00:20]} Nd7 {[%emt 0:00:13]} 14. Nh4 {[%emt 0:00:13]} Qxc3 {
[%emt 0:00:12]} 15. Nxf5 {[%emt 0:00:10]} gxf5 {[%emt 0:00:02]} 16. Bh5+ {
[%emt 0:00:10]} Kd8 {[%emt 0:00:06]} 17. Qxc3 {[%emt 0:00:15]} Nxc3 {[%emt 0:
00:02]} 18. Bb2 {[%emt 0:00:01] Pia resigns} 1-0